000 01052nam a22003497a 4500
001 0323
003 DO-SdBNP
005 20180209132251.0
007 0323
008 151005b 1993 sp 00| 0 a spa d
020 _a8434812339
040 _aBPMSU
_bspa
_cBPMSU
092 _a
_b
100 1 _aMateos, Pilar
245 1 0 _aLucas y Lucas ;
_bel rapto de caballo gris /
_cPilar Mateos; ilustración Chata Lucini
246 _aEl rapto de caballo gris
250 _a11a. ed.
260 _aMadrid :
_bEdiciones SM,
_c1993
300 _a84 p. :
_bil. ;
_c19 cm.
490 1 _aEl barco de vapor ;
_aSerie naranja;
_v21
500 _aPara niños a partir de 9 años
521 1 _aA partir de los 9 años
586 _aPremio Lazarillo, 1982
700 1 2 _aLucini, Chata
_eil.
700 1 2 _aTerzi, Marinella
_edir. colección
740 _aEl rapto de caballo gris
830 0 _aBarco de vapor
_n21
_pNaranja
942 _2ddc
_cBK
945 _aInventariado, 2018/MFF
956 _aYngrid Lockward
956 _aVMATEO
_b10
_c20161123
_dBPMSU
_f0069
999 _c12067
_d12067